Las causales de extinción del contrato entre el futbolista profesional y el club en la legislación argentina y su relación con las contempladas en la reglamentación de la FIFA (Registro nro. 33299)

Detalles MARC
000 -LEADER
fixed length control field 00508 a2200121 4500
001 - CONTROL NUMBER
control field ART_41539
005 - DATE AND TIME OF LATEST TRANSACTION
control field 20260410162023.0
008 - FIXED-LENGTH DATA ELEMENTS--GENERAL INFORMATION
fixed length control field 260409a
100 1# - MAIN ENTRY--PERSONAL NAME
Personal name Galeano, Eduardo V.
245 10 - TITLE STATEMENT
Title Las causales de extinción del contrato entre el futbolista profesional y el club en la legislación argentina y su relación con las contempladas en la reglamentación de la FIFA
700 1# - ADDED ENTRY--PERSONAL NAME
Personal name Lozano, Gabriel César
773 0# - HOST ITEM ENTRY
Title Anuario de derecho del fútbol
Related parts - Nº 1 (dic. 2008)
Record control number REV41517

No hay ítems disponibles.